000 00502cam a2200157 i 4500
020 _a9789385039355
082 0 0 _a629.136
_bRAN
_cNUST-02-P-99
100 1 _aRangwala, S.G..
_951711
245 1 0 _aAirport engineering /
_cRangwala S,G.
_bA textbook for engineering students
250 _a17th ed.
260 _aNew Delhi:
_bCharotar publishers,
_c2017.
300 _axvi, 288 p. :
_bill. ;
_c24 cm.
526 _a0
_b0
_c0
_d629_136000000000000_RAN
650 0 _aAirports
_xPlanning.
_97047
942 _2ddc
_cBK
999 _c554272
_d554272